Intracellular ionic changes during hyperthermia of tumor cells in the presence of lanthanum

Bibliographic Details
Main Authors: Anghileri, L. J. (Author), Crône, M. C. (Author), Robert, J. (Author)
Format: Article
Language:Slovak
English
PhysicalDescription:Obr. 4., lit. 11 zázn. v angl.
Subjects:

MARC

LEADER 00000nab a2200000 a 4500
001 vtls000224841
003 SK-MaSNL
005 20260304073607.0
008 250422c1985 xo 0 slo
015 |a SNBRB19rr/mm-uuuuu 
035 |a CL0234955 
035 |a urn:nbn:sk:snk-ab70ic 
035 |a (uuid)826714e4-aa2c-4f11-9dc0-124bf6dd81b8 
035 |a (urnnbn)urn:nbn:sk:snk:ar-a06fsl 
035 |a (sysno)vtls000224841 
040 |a SNKBUCL  |b slo  |c SNKBUCL  |e AACR2 
041 0 |a eng 
044 |a xo  |c SK 
080 |a 616-006  |2 1981 
080 |a 576.385.5  |2 1981 
100 1 |a Anghileri, L. J.  |4 aut  |9 1251688 
245 1 0 |a Intracellular ionic changes during hyperthermia of tumor cells in the presence of lanthanum  |c L. J. Anghileri, M. C. Crône, J. Robert 
300 |b Obr. 4., lit. 11 zázn. v angl. 
650 0 7 |a nádory  |2 snkbucl  |9 15229 
650 0 7 |a bunky  |2 snkbucl  |9 22123 
655 7 |a články z novín a časopisov  |2 snkbucl  |9 267496 
700 1 |a Crône, M. C.  |4 aut  |9 1362392 
700 1 |a Robert, J.  |4 aut  |9 1251691 
773 0 |t Neoplasma  |g Roč. 32, č. 3 (1985), s. 369-373 
850 |a Slovenská národná knižnica 
852 |a Slovenská národná knižnica 
958 |a article27 
958 |a NB 
958 |a RK 
958 |a OND 
958 |a EUIPO 
992 |a RBX 
999 |c 2772296  |d 2774226